Hardvérový plánovač úloh

Salvato in:
Dettagli Bibliografici
Autore principale: Kasperkevič, Adrián (Autore)
Altri autori: Vojtko, Martin (Relatore della tesi)
Natura: Manoscritto Libro
Lingua:slovacco
Pubblicazione: 2018
Soggetti:
Accesso online:http://is.stuba.sk/zp/portal_zp.pl?podrobnosti=131689
Tags: Aggiungi Tag
Nessun Tag, puoi essere il primo ad aggiungerne!!

MARC

LEADER 00000ntm a22000003a 4500
001 stuzp70364
003 SK-STU
005 20190130132457.2
007 ta
008 150427s2015----xo-----f-mn---000-0-slo-d
040 |a STU  |b slo 
041 0 |a slo 
044 |a xo 
100 1 |a Kasperkevič, Adrián  |u 070400  |4 aut  |U FIIT Fakulta informatiky a informačných technológií  |T FIIT Ústav počítačového inžinierstva a aplikovanej informatiky  |X 73962  |U I400  |Y 672  |7 73962 
242 0 1 |a Hardware task scheduler  |y eng 
245 1 0 |a Hardvérový plánovač úloh 
260 |c 2018 
300 |a 45 s., príl. 
650 4 |a hardvér  |2 slo 
650 4 |a EDF  |2 slo 
650 4 |a procesy  |2 slo 
650 4 |a plánovač  |2 slo 
650 4 |a scheduler  |2 eng 
650 4 |a hardware  |2 eng 
650 4 |a EDF  |2 eng 
650 4 |a process  |2 eng 
700 1 |a Vojtko, Martin  |u 070100  |k Z3  |4 ths  |U FIIT Fakulta informatiky a informačných technológií  |T FIIT Ústav počítačových systémov a sietí  |X 48035  |U I100  |Y 178  |7 48035 
856 4 |u http://is.stuba.sk/zp/portal_zp.pl?podrobnosti=131689 
996 |b IZP20180020  |c I*BAP15/18  |l II680  |s P  |a 0  |w stuzp70364_0001